|
|
|
|
| LEADER |
01493nam a22003017a 4500 |
| 001 |
40751 |
| 003 |
BD-DhAAL |
| 005 |
20230207114046.0 |
| 008 |
230126t2014 bg ||||| |||| 00| 0 ben d |
| 020 |
|
|
|a 9789849036766
|
| 040 |
|
|
|a BD-DhAAL
|c BD-DhAAL
|
| 041 |
|
|
|a ben
|
| 082 |
|
|
|a 891.44
|2 23
|
| 100 |
|
|
|a গঙ্গোপাধ্যায়, নারায়ণ
|9 21753
|
| 245 |
|
|
|a নারায়ণ গঙ্গোপাধ্যায়ের শ্রেষ্ঠ গল্প /
|c নারায়ণ গঙ্গোপাধ্যায়; সম্পাদনা ও ভূমিকা শামস্ আল্দীন
|
| 260 |
|
|
|a ঢাকা :
|b নালন্দা,
|c ২০১৪
|
| 300 |
|
|
|a ২৫৫ পৃষ্ঠা ;
|c ২২ সে.মি
|
| 526 |
|
|
|a GenEd (Residential Campus)
|
| 541 |
|
|
|a Development Book Agency
|e 40751, 40752
|
| 650 |
|
|
|a Bengali literature.
|
| 650 |
|
|
|a Bengali essays.
|
| 650 |
|
|
|a Bengali fiction.
|
| 700 |
|
|
|a আল্দীন, শামস্
|9 33306
|
| 852 |
|
|
|a Ayesha Abed Library
|c General Stacks
|
| 942 |
|
|
|2 ddc
|c BK
|
| 999 |
|
|
|c 45360
|d 45360
|
| 952 |
|
|
|0 0
|1 0
|2 ddc
|4 0
|6 891_440000000000000_GAN
|7 0
|9 73058
|a SCL
|b SCL
|c GEN
|d 2023-01-26
|e Development Book Agency
|g 255.00
|l 0
|o 891.44 GAN
|p 3020040751
|r 2023-01-26
|t 1
|v 255.00
|w 2023-01-26
|y BK
|
| 952 |
|
|
|0 0
|1 0
|2 ddc
|4 0
|6 891_440000000000000_GAN
|7 0
|9 73059
|a SCL
|b SCL
|c GEN
|d 2023-01-26
|e Development Book Agency
|g 255.00
|l 0
|o 891.44 GAN
|p 3020040752
|r 2023-01-26
|t 2
|v 255.00
|w 2023-01-26
|y BK
|